Furthest Canadian Cities From the US Border (with map) - Statistics

General Stats
  • This quiz has been taken 1,370 times
  • The average score is 8 of 17
Answers on the Map
Answers color-coded by a green-red scale on the quiz's map according to % correct below.
 
Answer Stats
Distance Pop Cities % Correct
506 km 1.15 m Edmonton
96%
227 km 1.30 m Calgary
95%
275 km 348 k Halifax
86%
1,136 km 185 k St. John's
79%
349 km 264 k Saskatoon
76%
334 km 52.3 k Charlottetown
53%
212 km 119 k Moncton
39%
365 km 99.8 k Red Deer
38%
860 km 68.0 k Fort McMurray
35%
545 km 67.3 k Prince George
33%
546 km 30.9 k Sydney
32%
686 km 63.1 k Grande Prairie
21%
475 km 31.5 k Lloydminster
21%
467 km 36.7 k Prince Albert
20%
302 km 28.8 k Timmins
20%
310 km 51.4 k North Bay
18%
409 km 25.4 k Val-d'Or
13%
No matching quizzes found
Score Distribution
Percent of People with Each Score
Percentile by Number Answered
Your Score History
You have not taken this quiz